000 00347cam a2200145ua 4500
041 _aeng
_h
082 _a828.09
_bMUL/ME
100 _aMullik, B.R.
245 _aMedieval literature /
_cB.R Mullik.
_hTextual Documents
260 _aNew Delhi :
_bS.Chand & Sons ,
_c1964.
300 _a87 ; .
504 _a
942 _cBK
999 _c2352
_d2352